1854 1090 1867 1390 1091 1540 1317 1304 1445 1196 1487 1858 1942 1268 1153 1638 1684 1244 1226 1023 1633 1468 1596 1473 1231 1043 1486 1701 1865 1783 1044 1026 1149 1280 1905 1693 1868 1488 1934 1504 1631 1885 1449 1545 1554 1333 1750 1328 1629 1274 1912 1070 1129 1242 1520 1228 1294 1268 1698 1056 1141 1851 1749 1790 1787 1911 1031 1478 1540 1224 1466 1211 1565 1504 1292 1514 1951 1324 1542 1076 1178 1027 1969 1372 1225 1569 1047 1452 1259 1875 1516 1987 1752 1165 1425 1623 1228 1815 1155 BCNSPRNW ULIB Ver.6.0+V

เปลี่ยนเป็นภาษาไทย

Change to English
 แสดงรายละเอียดบรรณานุกรม
  กลับหน้าหลัก

Brief Record : Get Marc (ISO 2709) : E-mail record : QR code < ปิดหน้าต่าง
LEADER : 00000nam 2200000uu 4500
001    13399114270
003     ULIB
008    120315s||||||||th 000 0 tha d
020    ^a9786161106287
060 04 ^aWY32^bส226พ
110 2  ^aสภาการพยาบาล
245 10 ^aพระราชบัญญัติวิชาชีพการพยาบาลและการผดุงครรภ์ พ.ศ.2528 และที่แก้ไขเพิ่มเติมโดยพระราชบัญญัติวิชาชีพการพยาบาลและการผดุงครรภ์ (ฉบับที่ 2) พ.ศ.2540 /^cสภาการพยาบาล
246    ^aProfessional Nursing and midwifery act B.E.2528 (1985) Revision of the act B.E.2540(1997)
250    ^aพิมพ์ครั้งที่ 1
260    ^aกรุงเทพฯ :^bจุดทอง,^c2554
300    ^a80 หน้า ;^c29 ซม.
500    ^aเนื้อหาภาษาไทยและภาษาอังกฤษ
650  7 ^aการพยาบาล^xกฎหมายและระเบียบข้อบังคับ
710    ^aThailand Nursing and Midwifery Council.
710    ^aสภาการพยาบาล
945    ^p30^l0^i031248
945    ^p30^l0^i031249
945    ^p30^l0^i031250
945    ^p30^l0^i031251
945    ^p30^l0^i031252
945    ^p30^l0^i031253
945    ^p30^l0^i031254
945    ^p30^l0^i031255
945    ^p30^l0^i031256
945    ^p30^l0^i031257
995    ^aทศพร
999 ^a ทศพร
รายการนี้ยังไม่มีแท็ก
คุณยังไม่ได้ล็อกอิน คุณสามารถมีกิจกรรมร่วมกับเว็บไซต์ได้ แต่ต้องล็อกอินก่อน ::
  ล็อกอิน

รายการสื่อสารสนเทศ

ลำดับที่ ประเภท เลขเรียก/บาร์โค้ด สถานที่ สถานะ
1. วิทยาศาสตร์การแพทย์ และสุขภาพ
หนังสือสำรอง
สถานะ=หนังสือสำรอง
WY32 ส226พ ฉ.1 
  Barcode: 031248
ห้องสมุดวิทยาเขตสวรรค์ประชารักษ์
►ส่วนจัดเก็บหนังสือเก่า สปร
บนชั้น
  ขอยืม
2. วิทยาศาสตร์การแพทย์ และสุขภาพ
วิทยาศาสตร์การแพทย์ และสุขภาพ
WY32 ส226พ ฉ.10 
  Barcode: 031257
ห้องสมุดวิทยาเขตสวรรค์ประชารักษ์
►ส่วนจัดเก็บหนังสือเก่า สปร
บนชั้น
  ขอยืม
3. วิทยาศาสตร์การแพทย์ และสุขภาพ
วิทยาศาสตร์การแพทย์ และสุขภาพ
WY32 ส226พ ฉ.2 
  Barcode: 031249
ห้องสมุดวิทยาเขตสวรรค์ประชารักษ์
►ส่วนจัดเก็บหนังสือเก่า สปร
บนชั้น
  ขอยืม
4. วิทยาศาสตร์การแพทย์ และสุขภาพ
วิทยาศาสตร์การแพทย์ และสุขภาพ
WY32 ส226พ ฉ.3 
  Barcode: 031250
ห้องสมุดวิทยาเขตสวรรค์ประชารักษ์
►ส่วนจัดเก็บหนังสือเก่า สปร
บนชั้น
  ขอยืม
5. วิทยาศาสตร์การแพทย์ และสุขภาพ
วิทยาศาสตร์การแพทย์ และสุขภาพ
WY32 ส226พ ฉ.4 
  Barcode: 031251
ห้องสมุดวิทยาเขตสวรรค์ประชารักษ์
►ส่วนจัดเก็บหนังสือเก่า สปร
บนชั้น
  ขอยืม
6. วิทยาศาสตร์การแพทย์ และสุขภาพ
วิทยาศาสตร์การแพทย์ และสุขภาพ
WY32 ส226พ ฉ.5 
  Barcode: 031252
ห้องสมุดวิทยาเขตสวรรค์ประชารักษ์
►ส่วนจัดเก็บหนังสือเก่า สปร
บนชั้น
  ขอยืม
7. วิทยาศาสตร์การแพทย์ และสุขภาพ
วิทยาศาสตร์การแพทย์ และสุขภาพ
WY32 ส226พ ฉ.6 
  Barcode: 031253
ห้องสมุดวิทยาเขตสวรรค์ประชารักษ์
►ส่วนจัดเก็บหนังสือเก่า สปร
บนชั้น
  ขอยืม
8. วิทยาศาสตร์การแพทย์ และสุขภาพ
วิทยาศาสตร์การแพทย์ และสุขภาพ
WY32 ส226พ ฉ.9 
  Barcode: 031256
ห้องสมุดวิทยาเขตสวรรค์ประชารักษ์
►ส่วนจัดเก็บหนังสือเก่า สปร
บนชั้น
  ขอยืม

รายการใกล้เคียง
    หัวเรื่อง [การพยาบาล กฎหมายและระเบียบข้อบังคับ]

BibComment


ยังไม่เคยถูกคอมเมนท์

คอมเมนท์ทรัพยากรรายการนี้
  คอมเมนท์: พระราชบัญญัติวิช..


 Copyright 2026. Bcnsprnw @Library